000 01083naa a22003137a 4500
001 BR7502495
003 BR-BrBNA
005 20240918173728.0
007 ta
008 230509b bl.||||| |||| 00| 0 por d
040 _aBR-BrBNA
_bpor
_cBiblioteca Nacional de Agricultura
041 _a(Pt)
072 _aF60; F40
_b1120
090 _aF60 BR7502495
100 1 _aSingh, L.B.
111 1 _aInternational Symposium on Ecophysiology of Tropical Crops
_cManaus, AM (Brazil)
_d25 May 1975
245 1 _aEcophysiology of mango [Fisiologia vegetal; Ecologia vegetal; Manga; Mangifera indica]
260 3 _aIlheus, BA (Brasil):
_c1975.
500 _aEcophysiology of Tropical Crops Ilheus, BA (Brasil): 1975. p. 294-300 (BR7502495-AM)F60
650 _aFisiologia vegetal
650 _aEcologia vegetal
650 _aManga
650 _aMeio ambiente
650 _aTemperatura
650 _aCrescimento
773 0 _tEcophysiology of Tropical Crops
_b
_wF60 BR7502495
_gIlheus, BA (Brasil), 1975. p. 294-300
909 _a202404
_bLucia
_c55
_dLucia Elande
942 _cAM
_2AGRIS
999 _c306491
_d306491